| 000 | 00503nam a2200193Ia 4500 | ||
|---|---|---|---|
| 003 | GCL | ||
| 008 | 140319s9999 xx 000 0 eng d | ||
| 040 |
_aGCL / _cGCL |
||
| 082 | 0 | 4 |
_a759.05 _bT V |
| 100 | 1 | _aTHOMPSON, JAMES | |
| 245 | 1 | 0 |
_aLA VIE ET L'OEUVRE D'EUGENE FROMENTIN / _cTHOMPSON, JAMES |
| 700 | 1 | _aWRIGHT, BARBARA | |
| 260 |
_a[S.N] : _bACR EDITION ، _c1987 |
||
| 300 | _a336 | ||
| 650 | 0 | 4 | _aPAINTING |
| 650 | 0 | 4 | _aORIENTALISTS |
| 650 | 0 | 4 | _aORIENTALISTS PAINTINGS |
| 942 |
_2ddc _cBK |
||
| 999 |
_c13124 _d13124 |
||